000 01381nam a2200229Ia 4500
003 Ost
005 20260507075255.0
008 260507s9999||||xx |||||||||||||| ||und||
020 _a50125160977
040 _cfsecg
041 _aara
082 _a330
100 _aحجازي، عبد الفتاح بيومي
_eمؤلف
245 0 _aمقدمة في التجارة الالكترونية العربية :
_bشرح قانون المبادلات و التجارة الالكترونية التونسية /
_c عبد الفتاح بيومي حجازي
260 _aالاسكندرية:
_bدار الفكر الجامعي,
_c2004
300 _a337 صفحة؛
_c24 سم
520 _aمدخل الى التجارة الايليكترونية في دولة الامارات العربية المتحدة و الاحكام العامة للتجارة الاليكترونية لدى امارة دبي مع متطلبات المعاملات الايليكترونية ، السجلات و التوقعات الايليكترونية المحمية و الاحكام المتصلة بالشهادات و خدمات التصديق و أخيرا الاستخدامالحكومي و التوقعات الالكترونية .
653 _aالتجارة
653 _aالتجارة الالكترونية
653 _aالتجارة العربية- تونس
942 _cكتاب
999 _c43732
_d43732